| 000 | 00897nam a22002055i 4500 | ||
|---|---|---|---|
| 001 | 164515 | ||
| 003 | ES-MaACL | ||
| 005 | 20250903053812.0 | ||
| 008 | 050805s1890 sp | |||||||| ||spa d | ||
| 040 |
_aCAM _bspa _cCAM |
||
| 100 | 1 |
_aSan Martín y Falcón, José de. _9102276 |
|
| 245 | 1 | 0 |
_aMemoria / _cleída por José de San-Martín y Falcón, en la Junta general celebrada por la misma el 31 de Enero de 1890. |
| 260 |
_aMadrid : _b[s.n.], _c1890 ( _fTipografía de Gregorio Estrada) |
||
| 300 |
_a48 p. ; _c23 cm. |
||
| 500 | _aPrecede al tít.: Asociación Nacional de Ingenieros Industriales. | ||
| 610 | 2 | 7 |
_aAsociación Nacional de Ingenieros Industriales (España)- _vMemorias _2 _9134135 |
| 710 | 2 |
_aAsociación Nacional de Ingenieros Industriales (España) _91761 |
|
| 852 |
_aES-MaACL _jT-553-F-11 _z-- Enc. hol. conservando la cub. original |
||
| 999 |
_c164515 _d164515 |
||